LEADER 01224nam a2200265 u 4500 001 000000105588 003 CaOOAMICUS 005 20070612133133.0 008 070612s2004 enk u000 u eng r 020 $a0-85111-885-2 040 $aPUL$bita$dLDB 130 0 $aBiblia.$pN.T.$pIacobi epistola.$lInglese.$0(OLS)http://pul/title/158626 245 14$aThe letter of James :$ban introduction and commentary /$cby Douglas J. Moo. 260 $aLeicester :$bInter-Varsity Press,$c1985$g2004 300 $a191 p. ;$c20 cm 490 1 $aTyndale New Testament commentaries ;$v16 630 04$aBiblia.$pN.T.$pIacobi epistola$xCommenti.$0(OLS)http://pul/subject/37540 700 1 $aMoo, Douglas J.$0(OLS)http://pul/name/64831 830 0$aTyndale New Testament commentaries ;$v16.$0(OLS)http://pul/title/132868 850 $aPUL 852 $aPUL$W1$xSL Religione 3$y85$m225 COLL 1.16$j118324$qDDC 21$B118225$CPULBib$Z2$F118225 $H102151 $82 941 1 $a9 996 $6020$a0-85111-885-2$9(OLS)http://pul/number/134784 996 $6245$aThe letter of James :$ban introduction and commentary$9(OLS)http://pul/title/132896 996 $6260$aLeicester :$bInter-Varsity Press$9(OLS)http://pul/publisher/61357 LEADER 01530nam a2200337 a 4500 001 000000123808 003 CaOOAMICUS 005 20101126112934.0 008 101126t2009 it u000 u ita r 020 $a978-88-7115-640-8 040 $aPUL$bita 082 04$a128.092 100 1 $aPiromalli, Salvatore.$0(OLS)http://pul/name/78077 245 10$aVuoto e inaugurazione :$bla condizione umana nel pensiero di Marķa Zambrano e Jean-Luc Nancy /$cSalvatore Piromalli ; prefazione di Chiara Zamboni. 260 $aPadova :$bIl Poligrafo,$c©2009. 300 $a231 p. ;$c21 cm 490 1 $aSaggi ;$v48 500 $aInclude indice. 504 $aBibliografia p. 221-227. 600 14$aZambrano, Marķa,$d1904-1991$xPensiero filosofico e politico.$0(OLS)http://pul/subject/36645 600 14$aNancy, Jean-Luc,$d1940-$0(OLS)http://pul/subject/37359 700 1 $aZamboni, Chiara.$0(OLS)http://pul/name/36766 830 0$aSaggi (Il Poligrafo) ;$v48.$0(OLS)http://pul/title/156060 850 $aPUL 852 $aPUL$W1$xSL Filosofia 3$y81$m128. 092 PIRSA 1$j142626$qDDC 21$B141590$CPULBib$Z2$F141590 $H111397 $82 941 1 $a9 996 $6020$a978-88-7115-640-8$9(OLS)http://pul/number/146008 996 $6082$a128.092$9(OLS)http://pul/classification/1771 996 $6245$aVuoto e inaugurazione :$bla condizione umana nel pensiero di Marķa Zambrano e Jean-Luc Nancy$9(OLS)http://pul/title/156059 996 $6260$aPadova :$bIl Poligrafo$9(OLS)http://pul/publisher/70506